000 00295nam a22001217a 4500
008 180424b xxu||||| |||| 00| 0 eng d
041 _aeng
080 _a043.3
100 _a0
101 _aMK-BA
245 _aMedia Kosovare dhe Sfidat e saj perballe Korrupsionit
_cBytyqi, A
942 _2udc
_cBK
999 _c45444
_d45444